Countries with the Most Populous Neighbors - Statistics

General Stats
  • This quiz has been taken 16 times
  • The average score is 17 of 20
Answer Stats
Hint Answer % Correct
19 Mexico
100%
7 Afghanistan
93%
9 Kazakhstan
93%
12 Mongolia
93%
1 Myanmar
93%
T-3 Nepal
93%
10 North Korea
93%
2 Pakistan
93%
13 Tajikistan
93%
15 Bangladesh
87%
T-3 Bhutan
87%
5 China
87%
14 Kyrgyzstan
87%
8 Laos
87%
11 Russia
87%
6 India
80%
17 Iran
80%
20 Niger
80%
16 Vietnam
80%
18 South Sudan
53%
No matching quizzes found
Score Distribution
Percent of People with Each Score
Percentile by Number Answered
Your Score History
You have not taken this quiz